|
|
|
|
| LEADER |
00000naa2a2200000 4500 |
| 001 |
624004 |
| 005 |
20231101133306.0 |
| 035 |
|
|
|a (RuTPU)RU\TPU\conf\23148
|
| 035 |
|
|
|a RU\TPU\conf\23147
|
| 090 |
|
|
|a 624004
|
| 100 |
|
|
|a 20171020d2017 k y0rusy50 ca
|
| 101 |
0 |
|
|a rus
|
| 102 |
|
|
|a RU
|
| 105 |
|
|
|a y z 101zy
|
| 135 |
|
|
|a drcn ---uucaa
|
| 181 |
|
0 |
|a i
|
| 182 |
|
0 |
|a b
|
| 200 |
1 |
|
|a Состояние и перспективы развития нефтесервисного рынка в России и в мире
|f В. В. Чернов
|g науч. рук. О. В. Пожарницкая
|
| 203 |
|
|
|a Текст
|c электронный
|
| 225 |
1 |
|
|a Экономика освоения Арктики и её ресурсов. Правовое регулирование природопользования и охрана окружающей среды в Арктике
|
| 230 |
|
|
|a 1 компьютерный файл (pdf; 850 Kb)
|
| 300 |
|
|
|a Заглавие с титульного экрана
|
| 320 |
|
|
|a [Библиогр.: с. 421-422 (4 назв.)]
|
| 463 |
|
1 |
|0 (RuTPU)RU\TPU\conf\23047
|t Творчество юных - шаг в успешное будущее
|o Арктика и её освоение
|o материалы X Всероссийской научной молодежной конференции с международным участием с элементами научной школы имени профессора М.К. Коровина, г. Томск, 29 мая-2 июня 2017 г.
|f Национальный исследовательский Томский политехнический университет (ТПУ), Институт природных ресурсов (ИПР) ; под ред. А. С. Боева
|v [С. 418-422]
|d 2017
|
| 610 |
1 |
|
|a труды учёных ТПУ
|
| 610 |
1 |
|
|a электронные ресурсы
|
| 610 |
1 |
|
|a нефтесервисные компании
|
| 610 |
1 |
|
|a консолидация
|
| 610 |
1 |
|
|a импортозамещение
|
| 610 |
1 |
|
|a месторождения
|
| 610 |
1 |
|
|a добыча
|
| 700 |
|
1 |
|a Чернов
|b В. В.
|
| 702 |
|
1 |
|a Пожарницкая
|b О. В.
|c экономист
|c доцент Томского политехнического университета, кандидат экономических наук
|f 1972-
|g Ольга Вячеславовна
|2 stltpush
|3 (RuTPU)RU\TPU\pers\30204
|4 727
|
| 712 |
0 |
2 |
|a Национальный исследовательский Томский политехнический университет (ТПУ)
|b Институт социально-гуманитарных технологий (ИСГТ)
|b Кафедра менеджмента (МЕН)
|h 150
|2 stltpush
|3 (RuTPU)RU\TPU\col\18855
|
| 801 |
|
2 |
|a RU
|b 63413507
|c 20180315
|g RCR
|
| 856 |
4 |
|
|u http://earchive.tpu.ru/handle/11683/43346
|
| 942 |
|
|
|c BK
|